[Event "AUTO-MASTER-3299"]
[Site "http://www.queenalice.com/game.php?id=1870979"]
[Date "2026.3.25"]
[Round "1"]
[White "Bordon"]
[Black "pizzaiolo72"]
[Result "1/2-1/2"]
[WhiteElo "2134"]
[BlackElo "2121"]

1. e4 Nf6 2. Nc3 e5 3. Nf3 d6 4. h3 Nc6 5. Bb5 Bd7 6. O-O g6 7. d3 Nd4 8. Bxd7+
Qxd7 9. Nxd4 exd4 10. Ne2 c5 11. Bg5 Bg7 12. Qd2 O-O 13. Bh6 Rfe8 14. Bxg7 Kxg7
15. c3 dxc3 16. Qxc3 Qe6 17. Ng3 Qe5 18. Qxe5 dxe5 19. Rac1 b6 20. Rfd1 Rad8 21.
Ne2 Nh5 22. g4 Nf4 23. Nxf4 exf4 24. f3 Rd4 25. Kf2 g5 26. Rc4 Red8 27. Rxd4
Rxd4 28. Ke2 h5 29. Rc1 hxg4 30. hxg4 a5 31. Rc4 Kf6 32. Rxd4 cxd4 33. a4 Ke5
34. Kd2 Kd6 35. Kc2 Kc5 36. Kb3 f6 1/2-1/2

[Event "AUTO-MASTER-3299"]
[Site "http://www.queenalice.com/game.php?id=1870981"]
[Date "2026.3.25"]
[Round "1"]
[White "Bordon"]
[Black "chessman"]
[Result "1-0"]
[WhiteElo "2125"]
[BlackElo "2027"]

1. e4 e6 2. d4 d5 3. exd5 exd5 4. Nf3 Nf6 5. Bg5 Be7 6. Nc3 O-O 7. Bd3 c6 8. O-O
Re8 9. h3 h6 10. Bh4 Nbd7 11. Qd2 a6 12. Rae1 Nf8 13. Re2 Be6 14. a3 Qc8 15. Bg3
Nh5 16. Bh2 Nf6 17. Rfe1 c5 18. dxc5 Bxc5 19. b4 Ba7 20. Ne5 b5 21. Bf4 Nh5 22.
Bxh6 g6 23. Bxf8 Rxf8 24. Qh6 Ng7 25. Nxg6 1-0

[Event "AUTO-MASTER-3299"]
[Site "http://www.queenalice.com/game.php?id=1870982"]
[Date "2026.3.25"]
[Round "1"]
[White "chessman"]
[Black "Bordon"]
[Result "0-1"]
[WhiteElo "1977"]
[BlackElo "2117"]

1. e4 e5 2. Nf3 Nc6 3. Bc4 Bc5 4. O-O Nf6 5. Re1 O-O 6. b4 Bxb4 7. c3 Ba5 8. d4
exd4 9. e5 d5 10. exf6 dxc4 11. fxg7 Re8 12. Rxe8+ Qxe8 13. cxd4 Bg4 14. Bd2
Bxd2 15. Nbxd2 Nxd4 16. Nxc4 Rd8 0-1

[Event "AUTO-MASTER-3299"]
[Site "http://www.queenalice.com/game.php?id=1870983"]
[Date "2026.3.25"]
[Round "1"]
[White "Bordon"]
[Black "LAIRE"]
[Result "1-0"]
[WhiteElo "2136"]
[BlackElo "2220"]

1. e4 e6 2. d4 d5 3. exd5 exd5 4. Nf3 Nf6 5. Bd3 Bd6 6. O-O O-O 7. Bg5 Bg4 8.
Nbd2 Nbd7 9. c3 c6 10. Qc2 Qc7 11. h3 Bh5 12. Rae1 Rae8 13. c4 dxc4 14. Bxc4 Bg6
15. Bd3 Bxd3 16. Qxd3 Bf4 17. Bxf4 Qxf4 18. Qb3 Qc7 19. Qa3 a6 20. Nc4 Nb6 21.
Nd6 Rd8 22. Ne4 Nbd5 23. Nxf6+ gxf6 24. Re4 Rfe8 25. Rg4+ Kh8 26. Qd3 Rg8 27.
Qf5 Rxg4 28. Qxg4 Re8 29. Nh4 Rg8 30. Qf5 Qf4 31. Qxf4 Nxf4 32. Kh2 Rd8 33. Nf3
Ne6 34. Rd1 Ng5 35. Nxg5 fxg5 36. Kg3 f5 37. h4 h6 38. hxg5 hxg5 39. f4 gxf4+
40. Kxf4 Rd5 41. Ke3 Kg7 42. Rf1 Kg6 43. a4 1-0

[Event "AUTO-MASTER-3299"]
[Site "http://www.queenalice.com/game.php?id=1870984"]
[Date "2026.3.25"]
[Round "1"]
[White "LAIRE"]
[Black "Bordon"]
[Result "1/2-1/2"]
[WhiteElo "2212"]
[BlackElo "2134"]

1. d4 d5 2. c4 c6 3. Nf3 Nf6 4. cxd5 cxd5 5. Nc3 Nc6 6. Bf4 Bf5 7. e3 e6 8. Bb5
Rc8 9. Ne5 Bd6 10. O-O O-O 11. Nxc6 bxc6 12. Bxd6 Qxd6 13. Bd3 Bxd3 14. Qxd3 Ng4
15. g3 Nf6 16. Na4 Nd7 17. Rfc1 Rfe8 18. Nc5 Nxc5 19. Rxc5 Rb8 20. Qc3 Rb6 21.
Rc1 Rc8 22. b4 a6 23. a4 Qb8 24. b5 axb5 25. axb5 Rxb5 26. Rxc6 Rxc6 27. Qxc6 h6
28. Qc8+ 1/2-1/2

[Event "Challenge"]
[Site "http://www.queenalice.com/game.php?id=1873251"]
[Date "2026.5.11"]
[Round "-"]
[White "JJerzy"]
[Black "Bordon"]
[Result "0-1"]
[WhiteElo "2294"]
[BlackElo "2168"]

1. d4 d5 2. Nf3 Nc6 3. e3 a6 4. c4 e6 5. Nc3 Nf6 6. Bd2 Bb4 7. a3 Bxc3 8. Bxc3
O-O 9. Bd3 Ne4 10. Qc2 Nxc3 11. Qxc3 Ne7 12. Rc1 c6 13. O-O h6 14. b4 Bd7 15. a4
b5 16. axb5 cxb5 17. c5 Nc6 18. Ra1 a5 19. bxa5 b4 20. Qb2 Rxa5 21. Rxa5 Qxa5
22. Ra1 Qc7 23. Bb5 Rb8 24. Bxc6 Bxc6 25. Ne5 Be8 26. Nd3 Bc6 27. Qd2 b3 28. Qb2
Qb7 29. Ra3 Qb5 30. Nc1 Qb4 31. h3 Qxa3 0-1

[Event "Challenge"]
[Site "http://www.queenalice.com/game.php?id=1873252"]
[Date "2026.5.11"]
[Round "-"]
[White "Bordon"]
[Black "JJerzy"]
[Result "1-0"]
[WhiteElo "2151"]
[BlackElo "2311"]

1. e4 c5 2. Nc3 d6 3. Bb5+ Bd7 4. Bxd7+ Nxd7 5. f4 a6 6. Nf3 e6 7. d3 Qc7 8. Bd2
Ngf6 9. O-O Be7 10. Qe1 O-O 11. Qg3 Nh5 12. Qh3 Nhf6 13. Rae1 g6 14. e5 Ne8 15.
Ne4 Ng7 16. Nfg5 Bxg5 17. fxg5 d5 18. Nf6+ Nxf6 19. gxf6 Ne8 20. Bh6 1-0

[Event "Challenge"]
[Site "http://www.queenalice.com/game.php?id=1873815"]
[Date "2026.5.22"]
[Round "-"]
[White "Bordon"]
[Black "JJerzy"]
[Result "1-0"]
[WhiteElo "2195"]
[BlackElo "2278"]

1. e4 c5 2. Nc3 d6 3. f4 a6 4. Nf3 Bg4 5. h3 Bxf3 6. Qxf3 e6 7. Be2 Nc6 8. O-O
Nf6 9. d3 Nd4 10. Qg3 Nxc2 11. Rb1 Nd4 12. Be3 Nxe2+ 13. Nxe2 g6 14. f5 e5 15.
fxg6 fxg6 16. Bg5 Be7 17. Bxf6 Bxf6 18. Rf3 O-O 19. Nc3 Qd7 20. Nd5 Qd8 21. Rbf1
Bg7 22. Rxf8+ Bxf8 23. Nf6+ Kg7 24. Nh5+ Kg8 25. Nf6+ Kg7 26. Qh4 h6 27. Qg4 Be7
28. Nh5+ 1-0